000
00311nam a2200133Ia 4500
008
220204s9999 xx 000 0 und d
082
_a
628.5
_b
BRE
100
_a
Breach, Ian
245
0
_a
Earth in danger
260
_a
London
_b
Aldus
_c
1976
650
_a
Pollution
700
_a
Crawford, Michael
942
_c
BK
999
_c
29794
_d
29794